[Event "13th Philadelphia International"]
[Site "Philadelphia"]
[Date "2019.06.28"]
[Round "3"]
[White "Miyasaka, Marcus"]
[Black "Katz, Alexander"]
[Result "0-1"]
[WhiteElo "2132"]
[BlackElo "2427"]
[PlyCount "64"]
[EventDate "2019.06.??"]
[EventType "swiss"]
[EventRounds "9"]
[EventCountry "USA"]

1. e4 d6 2. d4 Nf6 3. Nc3 g6 4. Be3 c6 5. Qd2 b5 6. f3 Nbd7 7. g4 Nb6 8. h4 h5
9. g5 Nfd7 10. f4 Bg7 11. f5 O-O 12. Nh3 b4 13. Nd1 c5 14. Nf4 cxd4 15. Bxd4
Ne5 16. Be2 Qe8 17. Bxb6 axb6 18. Nd5 gxf5 19. Bxh5 fxe4 20. N1e3 Ra5 21. O-O
Be6 22. Be2 Kh8 23. h5 Rg8 24. Kh2 Nf3+ 25. Bxf3 exf3 26. Kh1 Bxb2 27. g6 Bc3
28. Qc1 fxg6 29. Nc4 g5 30. Nde3 Qxh5+ 31. Kg1 g4 32. Nxa5 g3 0-1

[Event "13th Philadelphia International"]
[Site "Philadelphia"]
[Date "2019.06.28"]
[Round "3"]
[White "Li, Eric"]
[Black "Santarius, Erik"]
[Result "0-1"]
[WhiteElo "2155"]
[BlackElo "2403"]
[PlyCount "98"]
[EventDate "2019.06.??"]
[EventType "swiss"]
[EventRounds "9"]
[EventCountry "USA"]

1. d4 d5 2. c4 e6 3. Nc3 Nf6 4. cxd5 Nxd5 5. e4 Nxc3 6. bxc3 c5 7. Nf3 cxd4 8.
cxd4 Bb4+ 9. Bd2 Bxd2+ 10. Qxd2 O-O 11. Be2 b6 12. O-O Bb7 13. Qe3 Nd7 14. Rfd1
Qe7 15. a4 Nf6 16. Nd2 Rfc8 17. a5 bxa5 18. Rxa5 Rc2 19. Rb1 Qc7 20. Rc5 Rxc5
21. dxc5 a5 22. f3 Nd7 23. Rc1 Bc6 24. Nc4 Rb8 25. Qd2 Bb5 26. c6 Qxc6 27. Ne3
Qb6 28. Rb1 Qc5 29. Bxb5 Rxb5 30. Rc1 Qb6 31. Kh1 Rb1 32. Nc4 Qb4 33. Qd1 Rxc1
34. Qxc1 h6 35. h3 a4 36. Qc2 Nc5 37. Qa2 Nb3 38. Qc2 a3 39. Ne5 Nc5 40. Kh2 g6
41. Qc1 a2 42. Ng4 Qd4 43. Qf4 a1=Q 44. Nxh6+ Kg7 45. Qxf7+ Kxh6 46. Qf8+ Kh7
47. Qe7+ Qg7 48. Qh4+ Qh6 49. Qe7+ Qag7 0-1

[Event "13th Philadelphia International"]
[Site "Philadelphia"]
[Date "2019.06.28"]
[Round "3"]
[White "Narayanan, Samrug"]
[Black "Zong, Davis"]
[Result "0-1"]
[WhiteElo "2196"]
[BlackElo "2058"]
[PlyCount "80"]
[EventDate "2019.06.??"]
[EventType "swiss"]
[EventRounds "9"]
[EventCountry "USA"]

1. e4 e5 2. Nf3 Nc6 3. Bb5 a6 4. Ba4 Nf6 5. O-O Nxe4 6. d4 Be7 7. Re1 b5 8. Bb3
d5 9. dxe5 Be6 10. c3 O-O 11. Nbd2 Nc5 12. Bc2 d4 13. cxd4 Nxd4 14. Nxd4 Qxd4
15. Qh5 Nd3 16. Bxd3 Qxd3 17. Ne4 Rad8 18. Bf4 Qc2 19. Rac1 Qxb2 20. Bh6 gxh6
21. Rc3 Kh8 22. Qxh6 Qe2 23. Re3 Qg4 24. Rg3 Rd1 25. h3 Rxe1+ 26. Kh2 Qxg3+ 27.
Nxg3 Rxe5 28. f4 Rd5 29. Nh5 Rg8 30. Nf6 Bxf6 31. Qxf6+ Rg7 32. g4 Kg8 33. f5
Bxf5 34. gxf5 Rd2+ 35. Kh1 Rgg2 36. Qxa6 Rge2 37. Qa8+ Kg7 38. f6+ Kxf6 39.
Qh8+ Ke7 40. Qa1 Rh2+ 0-1

[Event "13th Philadelphia International"]
[Site "Philadelphia"]
[Date "2019.06.28"]
[Round "3"]
[White "Lu, Maximillian"]
[Black "Harriott, Tyrell"]
[Result "1-0"]
[WhiteElo "2090"]
[BlackElo "2003"]
[PlyCount "65"]
[EventDate "2019.06.??"]
[EventType "swiss"]
[EventRounds "9"]
[EventCountry "USA"]

1. Nf3 d5 2. g3 e6 3. Bg2 Bd6 4. O-O f5 5. d3 Ne7 6. e4 O-O 7. e5 Bc5 8. d4 Bb6
9. Be3 Ng6 10. Qc1 c6 11. Nc3 Bc7 12. Ne2 b6 13. Re1 Ba6 14. Nf4 Nxf4 15. Bxf4
c5 16. Qe3 Nd7 17. Rad1 Qe8 18. h4 h6 19. c3 Qe7 20. Kh2 Rfb8 21. Rg1 Nf8 22.
Qd2 Nh7 23. Bh3 Kh8 24. g4 fxg4 25. Rxg4 Rg8 26. h5 Bb5 27. Nh4 Be8 28. Ng6+
Bxg6 29. hxg6 Ng5 30. Bxg5 hxg5 31. Rxg5 Rgf8 32. Rh5+ Kg8 33. Qe2 1-0

[Event "13th Philadelphia International"]
[Site "Philadelphia"]
[Date "2019.06.28"]
[Round "2.1"]
[White "Bruzon Batista, Lazaro"]
[Black "Shen, Victor"]
[Result "1/2-1/2"]
[WhiteElo "2657"]
[BlackElo "2418"]
[PlyCount "74"]
[EventDate "2019.06.??"]
[EventType "swiss"]
[EventRounds "9"]
[EventCountry "USA"]

1. c4 e5 2. Nc3 Nf6 3. Nf3 Nc6 4. g3 Bb4 5. Bg2 O-O 6. O-O d6 7. d3 h6 8. Bd2
a5 9. h3 Nd4 10. Ne1 c6 11. e3 Nf5 12. Nf3 Bc5 13. Rc1 Re8 14. Kh1 Ba7 15. e4
Ne7 16. Ng1 d5 17. b3 dxe4 18. dxe4 Ng6 19. Qe2 Nf8 20. Be3 Bxe3 21. Qxe3 Ne6
22. f4 Qc7 23. Nge2 Nd7 24. f5 Nd4 25. g4 Nxe2 26. Nxe2 Qd8 27. Ng1 b6 28. Nf3
Qe7 29. Rg1 a4 30. Bf1 axb3 31. axb3 Qc5 32. Qe1 Ra2 33. Rc3 Qf2 34. Qc1 Qb2
35. Qe1 Qf2 36. Qc1 Qb2 37. Qe1 Qf2 1/2-1/2

[Event "13th Philadelphia International"]
[Site "Philadelphia"]
[Date "2019.06.28"]
[Round "2.2"]
[White "Santarius, Erik"]
[Black "Nyzhnyk, Illya"]
[Result "0-1"]
[WhiteElo "2403"]
[BlackElo "2649"]
[PlyCount "84"]
[EventDate "2019.06.??"]
[EventType "swiss"]
[EventRounds "9"]
[EventCountry "USA"]

1. d4 d5 2. c4 dxc4 3. Nf3 Nf6 4. e3 e6 5. Bxc4 a6 6. O-O Nbd7 7. Nc3 b5 8. Bb3
Bb7 9. e4 b4 10. e5 bxc3 11. exf6 Qxf6 12. bxc3 Bd6 13. Re1 O-O 14. Ng5 h6 15.
Nh3 Qh4 16. Rb1 Nf6 17. Bc2 Rab8 18. Qd3 Rfd8 19. Bd2 c5 20. Rbd1 Bc7 21. Bc1
Rd5 22. Qf1 cxd4 23. g3 Qh5 24. f3 dxc3 25. Nf4 Bxf4 26. Bxf4 Rbd8 27. Re5 Rxd1
28. Bxd1 Qg6 29. Rc5 Nd5 30. Bc1 Nb4 31. Rxc3 Nxa2 32. Rc7 Nxc1 33. Rxb7 Qg5
34. f4 Qc5+ 35. Kg2 Rd2+ 36. Kh3 Nd3 37. Bf3 Nf2+ 38. Kh4 g5+ 39. Kh5 g4+ 40.
Kxh6 Qf8+ 41. Kh5 gxf3 42. Qb1 Rd5+ 0-1

[Event "13th Philadelphia International"]
[Site "Philadelphia"]
[Date "2019.06.28"]
[Round "2.3"]
[White "Lenderman, Aleksandr"]
[Black "Mandizha, Farai"]
[Result "1-0"]
[WhiteElo "2640"]
[BlackElo "2386"]
[PlyCount "57"]
[EventDate "2019.06.??"]
[EventType "swiss"]
[EventRounds "9"]
[EventCountry "USA"]

1. Nf3 Nf6 2. c4 g6 3. Nc3 Bg7 4. e4 c5 5. d4 O-O 6. Be2 d6 7. O-O Bg4 8. d5
Na6 9. Be3 Bd7 10. h3 Nc7 11. Qd2 a6 12. a4 Rb8 13. a5 b5 14. axb6 Rxb6 15. e5
Nfe8 16. Rfe1 Qb8 17. Ra2 Rb4 18. Bd3 Na8 19. Bh6 Nb6 20. Re4 dxe5 21. Rh4 Bf6
22. Bxf8 Bxh4 23. Qh6 Bf6 24. Ne4 Nxd5 25. cxd5 Rxe4 26. Bxe4 Nd6 27. Ng5 Qb4
28. Bxe7 Bxe7 29. Qxh7+ 1-0

[Event "13th Philadelphia International"]
[Site "Philadelphia"]
[Date "2019.06.28"]
[Round "2.4"]
[White "Mulyar, Michael"]
[Black "Quesada Perez, Yuniesky"]
[Result "1/2-1/2"]
[WhiteElo "2381"]
[BlackElo "2626"]
[PlyCount "84"]
[EventDate "2019.06.??"]
[EventType "swiss"]
[EventRounds "9"]
[EventCountry "USA"]

1. d4 Nf6 2. Nf3 d5 3. Bf4 c5 4. e3 Nc6 5. c3 Qb6 6. Qb3 c4 7. Qxb6 axb6 8. Be2
e6 9. O-O b5 10. Nbd2 b4 11. cxb4 Bxb4 12. a3 Be7 13. Ne5 Nxe5 14. Bxe5 b5 15.
Bf3 Bb7 16. Bxf6 Bxf6 17. a4 Rxa4 18. Rxa4 bxa4 19. Ra1 c3 20. bxc3 Bc6 21. c4
Kd7 22. Nb1 Ra8 23. cxd5 exd5 24. Nc3 Ra5 25. Kf1 Be7 26. Ke2 a3 27. Kd3 Bb4
28. Na2 Bb5+ 29. Kc2 Ba4+ 30. Kd3 Bd6 31. Nc3 Bb3 32. Bd1 Bc4+ 33. Kc2 Bb4 34.
Na2 Bd6 35. Nc3 Bxh2 36. g3 a2 37. Kb2 Ra6 38. Be2 Rb6+ 39. Kc2 Bb3+ 40. Kd2
Rf6 41. Bb5+ Ke7 42. Ke2 h5 1/2-1/2

[Event "13th Philadelphia International"]
[Site "Philadelphia"]
[Date "2019.06.28"]
[Round "2"]
[White "Gareyev, Timur"]
[Black "Peredun, Andrew"]
[Result "1-0"]
[WhiteElo "2584"]
[BlackElo "2344"]
[PlyCount "59"]
[EventDate "2019.06.??"]
[EventType "swiss"]
[EventRounds "9"]
[EventCountry "USA"]

1. Nf3 Nf6 2. c4 e6 3. g3 d5 4. Bg2 dxc4 5. Qa4+ Bd7 6. Qxc4 c5 7. Ne5 Nc6 8.
Nxc6 Bxc6 9. Bxc6+ bxc6 10. Nc3 Be7 11. d3 Rb8 12. O-O O-O 13. Na4 Qa5 14. b3
Nd5 15. Bb2 Nb6 16. Qg4 g6 17. Bc3 Qa6 18. Qe4 Nxa4 19. bxa4 Qc8 20. Rab1 Qc7
21. h4 Rfe8 22. Rfc1 Bd6 23. Rxb8 Rxb8 24. Kg2 e5 25. Qc4 Qd7 26. h5 Qf5 27.
hxg6 hxg6 28. Rh1 Bf8 29. e4 Qg4 30. Bxe5 1-0

[Event "13th Philadelphia International"]
[Site "Philadelphia"]
[Date "2019.06.28"]
[Round "2"]
[White "Stukopin, Andrey"]
[Black "Aaron, Deepak"]
[Result "1-0"]
[WhiteElo "2562"]
[BlackElo "2310"]
[PlyCount "75"]
[EventDate "2019.06.??"]
[EventType "swiss"]
[EventRounds "9"]
[EventCountry "USA"]

1. e4 e6 2. d4 d5 3. Nc3 Nf6 4. Bg5 Be7 5. e5 Nfd7 6. Bxe7 Qxe7 7. Nb5 Na6 8.
c3 O-O 9. f4 Nb6 10. Nf3 Bd7 11. a4 c5 12. Nd6 Nc8 13. Bxa6 bxa6 14. dxc5 Rb8
15. b4 Qd8 16. Qd3 a5 17. b5 a6 18. Nxc8 Qxc8 19. c6 Be8 20. c4 f6 21. O-O Bg6
22. Qd4 Rd8 23. exf6 gxf6 24. Qa7 Ra8 25. Qc5 dxc4 26. b6 Rd5 27. Qxc4 Bd3 28.
Qc3 Rb8 29. b7 Qc7 30. Rfe1 Rd6 31. Rac1 Bg6 32. Nd4 Bf7 33. Qc5 Rd5 34. Qa7
Kg7 35. Nxe6+ Bxe6 36. Rxe6 Qxf4 37. Qe3 Qg4 38. Qg3 1-0

[Event "13th Philadelphia International"]
[Site "Philadelphia"]
[Date "2019.06.28"]
[Round "2"]
[White "Niemann, Hans"]
[Black "Plotkin, Victor"]
[Result "1-0"]
[WhiteElo "2460"]
[BlackElo "2297"]
[PlyCount "69"]
[EventDate "2019.06.??"]
[EventType "swiss"]
[EventRounds "9"]
[EventCountry "USA"]

1. Nf3 Nf6 2. d4 e6 3. c4 b6 4. g3 Bb7 5. Bg2 Bb4+ 6. Bd2 Be7 7. O-O Ne4 8. Bf4
O-O 9. d5 Bf6 10. Qc2 exd5 11. cxd5 Bxd5 12. Nfd2 Nxd2 13. Bxd5 c6 14. Bxf7+
Rxf7 15. Nxd2 Na6 16. Nc4 Nb4 17. Qb3 Nd5 18. Nd6 Qe7 19. Nxf7 Qxf7 20. Bd2 Re8
21. Rae1 Bd4 22. e3 Bc5 23. e4 Nf6 24. Qxf7+ Kxf7 25. e5 Nd5 26. Re4 Nf6 27.
Re2 d5 28. Rc1 Re6 29. Kf1 Ne4 30. Be1 Bf8 31. b4 c5 32. f3 Ng5 33. h4 Nxf3 34.
Rf2 Rxe5 35. Rxf3+ 1-0

[Event "13th Philadelphia International"]
[Site "Philadelphia"]
[Date "2019.06.28"]
[Round "2"]
[White "Zheng, Michael"]
[Black "Shetty, Atulya"]
[Result "0-1"]
[WhiteElo "1965"]
[BlackElo "2431"]
[PlyCount "70"]
[EventDate "2019.06.??"]
[EventType "swiss"]
[EventRounds "9"]
[EventCountry "USA"]

1. d4 d5 2. c4 c6 3. Nf3 Nf6 4. Nc3 a6 5. c5 Bg4 6. Ne5 Bf5 7. Qb3 Ra7 8. Bf4
Nbd7 9. h3 Nxe5 10. Bxe5 Nd7 11. Bh2 e5 12. e3 Be7 13. Be2 Bf6 14. Rd1 O-O 15.
O-O Re8 16. dxe5 Nxc5 17. Qb4 Be7 18. Qf4 Bg6 19. Qd4 b6 20. f4 f5 21. Bg3 Rd7
22. Bf2 b5 23. Bf3 Bf7 24. Ne2 Ne6 25. Qd3 g6 26. Nd4 Qc7 27. Rc1 c5 28. b4 c4
29. Qc3 Nxd4 30. exd4 a5 31. a3 Ra8 32. Ra1 Qd8 33. Be1 Rda7 34. Bd2 axb4 35.
axb4 Bxb4 0-1

[Event "13th Philadelphia International"]
[Site "Philadelphia"]
[Date "2019.06.28"]
[Round "2"]
[White "Katz, Alexander"]
[Black "Li, Max J"]
[Result "1/2-1/2"]
[WhiteElo "2427"]
[BlackElo "1919"]
[PlyCount "81"]
[EventDate "2019.06.??"]
[EventType "swiss"]
[EventRounds "9"]
[EventCountry "USA"]

1. e4 c5 2. c3 Nf6 3. e5 Nd5 4. d4 cxd4 5. Nf3 Nc6 6. Bc4 e6 7. cxd4 b6 8. O-O
Bb7 9. Bxd5 exd5 10. Nc3 Na5 11. Ng5 h6 12. Nh3 Bb4 13. Qg4 g6 14. Nf4 Bxc3 15.
bxc3 Qc7 16. Ba3 Qc6 17. Bd6 O-O-O 18. Nd3 Nc4 19. Nb4 Qb5 20. a4 Qa5 21. Qf4
Rh7 22. g4 Re8 23. h4 Re6 24. h5 Bc6 25. Ra2 gxh5 26. gxh5 Rg7+ 27. Kh2 b5 28.
axb5 Qxb5 29. Rg1 Rxg1 30. Kxg1 Nxd6 31. exd6 Re1+ 32. Kh2 Qf1 33. Qf3 Qg1+ 34.
Kh3 Qg5 35. Re2 Rh1+ 36. Qxh1 Qxh5+ 37. Kg2 Qxe2 38. Qxh6 Qg4+ 39. Kh2 Kb7 40.
Nd3 Bb5 41. Nc5+ 1/2-1/2

[Event "13th Philadelphia International"]
[Site "Philadelphia"]
[Date "2019.06.28"]
[Round "2"]
[White "Harriott, Tyrell"]
[Black "Li, Eric"]
[Result "0-1"]
[WhiteElo "2003"]
[BlackElo "2155"]
[PlyCount "90"]
[EventDate "2019.06.??"]
[EventType "swiss"]
[EventRounds "9"]
[EventCountry "USA"]

1. d4 Nf6 2. e3 d5 3. Bd3 c5 4. c3 Nc6 5. f4 Bg4 6. Ne2 e6 7. Nd2 Bd6 8. O-O
O-O 9. Nf3 Qb6 10. Kh1 Bf5 11. Bxf5 exf5 12. dxc5 Bxc5 13. Qd3 Rfe8 14. Ned4
Bxd4 15. exd4 Ne4 16. Rb1 Rac8 17. Bd2 Qa5 18. Ra1 b5 19. Be1 Qb6 20. Ne5 Nb8
21. Qh3 f6 22. Nd3 Qe6 23. a4 a6 24. axb5 axb5 25. Nb4 Nc6 26. Ra6 Ng5 27. fxg5
Qxe1 28. Qxf5 Nxb4 29. gxf6 Nxa6 30. f7+ Kh8 31. h3 Qe7 32. fxe8=Q+ Rxe8 33.
Qxd5 Nc7 34. Qc6 h6 35. b3 Rd8 36. Rf5 Qd6 37. Qf3 Re8 38. Qf2 Nd5 39. c4 bxc4
40. bxc4 Ne3 41. Re5 Rxe5 42. dxe5 Qxe5 43. Qf8+ Kh7 44. Qf3 Qa1+ 45. Kh2 Nf1+
0-1

[Event "13th Philadelphia International"]
[Site "Philadelphia"]
[Date "2019.06.27"]
[Round "1.1"]
[White "Graif, William"]
[Black "Bruzon Batista, Lazaro"]
[Result "0-1"]
[WhiteElo "2218"]
[BlackElo "2657"]
[PlyCount "80"]
[EventDate "2019.06.??"]
[EventType "swiss"]
[EventRounds "9"]
[EventCountry "USA"]

1. e4 c5 2. Nf3 e6 3. d4 cxd4 4. Nxd4 a6 5. Nc3 Qc7 6. Bd3 Bc5 7. Nb3 Be7 8. f4
d6 9. O-O Nd7 10. a4 b6 11. Bd2 Ngf6 12. Qe2 Bb7 13. Rae1 e5 14. f5 O-O 15. Qf3
Rfe8 16. g4 h6 17. h4 Nh7 18. f6 Bxf6 19. g5 hxg5 20. hxg5 Nxg5 21. Bxg5 Bxg5
22. Qxf7+ Kh8 23. Nd5 Qd8 24. Qh5+ Bh6 25. Rf7 Bxd5 26. exd5 Nf6 27. Qg6 e4 28.
Rf1 Re5 29. R1xf6 Rg5+ 30. Qxg5 Bxg5 31. Rf8+ Qxf8 32. Rxf8+ Rxf8 33. Bxe4 Rf4
34. Bd3 Rxa4 35. Kf1 Bf6 36. c3 b5 37. Nd2 Ra2 38. Ne4 Rxb2 39. Nxd6 Rd2 40.
Be4 Bxc3 0-1

[Event "13th Philadelphia International"]
[Site "Philadelphia"]
[Date "2019.06.27"]
[Round "1.2"]
[White "Nyzhnyk, Illya"]
[Black "Taylor, Timothy"]
[Result "1-0"]
[WhiteElo "2649"]
[BlackElo "2213"]
[PlyCount "99"]
[EventDate "2019.06.??"]
[EventType "swiss"]
[EventRounds "9"]
[EventCountry "USA"]

1. c4 e6 2. Nf3 d5 3. e3 Nf6 4. b3 Be7 5. Bb2 b6 6. Qc2 Bb7 7. cxd5 exd5 8.
Bb5+ c6 9. Be2 Nbd7 10. g4 h6 11. Rg1 Qc7 12. Nc3 O-O-O 13. h4 Rdg8 14. g5 hxg5
15. hxg5 Ne8 16. Rc1 Kb8 17. Qf5 Qd6 18. Nb1 g6 19. Qg4 Rh7 20. Ba3 c5 21. Nc3
Nc7 22. d4 Qe6 23. Na4 Qxg4 24. Rxg4 Rh1+ 25. Rg1 Rxg1+ 26. Nxg1 Bxg5 27. dxc5
Nxc5 28. Nxc5 bxc5 29. Bxc5 Ne6 30. Bd6+ Ka8 31. Nf3 Bf6 32. Ne5 Bxe5 33. Bxe5
Rd8 34. Bf6 Rc8 35. Rxc8+ Bxc8 36. Bb5 Nc7 37. Bc6+ Kb8 38. Be5 Be6 39. Kd2 Kc8
40. Kc3 Na6 41. Bd6 Nb8 42. Bxb8 Kxb8 43. Kd4 f6 44. Bxd5 Bd7 45. Kc5 Kc7 46.
b4 Ba4 47. Bb3 Bxb3 48. axb3 a6 49. b5 a5 50. b6+ 1-0

[Event "13th Philadelphia International"]
[Site "Philadelphia"]
[Date "2019.06.27"]
[Round "1.3"]
[White "Nakada, Akira"]
[Black "Lenderman, Aleksandr"]
[Result "0-1"]
[WhiteElo "2211"]
[BlackElo "2640"]
[PlyCount "93"]
[EventDate "2019.06.??"]
[EventType "swiss"]
[EventRounds "9"]
[EventCountry "USA"]

1. c4 b6 2. Nf3 Bb7 3. e3 f5 4. b3 Nf6 5. Bb2 e6 6. Be2 Bd6 7. O-O O-O 8. d4
Ne4 9. Nbd2 Qf6 10. Ne5 Bxe5 11. dxe5 Qg5 12. Nf3 Qg6 13. Ne1 Qh6 14. b4 Nc6
15. Nd3 Rad8 16. f3 Qxe3+ 17. Kh1 Nd2 18. b5 Na5 19. Bc1 Naxc4 20. a4 d6 21.
exd6 Rxd6 22. Ra2 Rxd3 23. Bxd3 Qxd3 24. Bxd2 Rd8 25. Rf2 Bd5 26. Qe1 h6 27. h3
e5 28. Bc1 e4 29. fxe4 fxe4 30. Rae2 Qb3 31. Rf4 Ne5 32. Qf1 Bc4 33. Qf2 Qd1+
34. Kh2 Qxe2 35. Qxe2 Bxe2 36. Rxe4 Nd3 37. Rxe2 Nxc1 38. Rc2 Nb3 39. Rxc7 Ra8
40. Kg3 a5 41. Rb7 Nc5 42. Rxb6 Nxa4 43. Rb7 Nc3 44. b6 Nd5 45. Kf3 a4 46. Ke4
a3 47. Kd4 0-1

[Event "13th Philadelphia International"]
[Site "Philadelphia"]
[Date "2019.06.27"]
[Round "1.4"]
[White "Quesada Perez, Yuniesky"]
[Black "Feng, Maggie"]
[Result "1-0"]
[WhiteElo "2626"]
[BlackElo "2198"]
[PlyCount "63"]
[EventDate "2019.06.??"]
[EventType "swiss"]
[EventRounds "9"]
[EventCountry "USA"]

1. e4 e6 2. d4 d5 3. Nc3 Bb4 4. e5 Ne7 5. a3 Bxc3+ 6. bxc3 c5 7. h4 Qc7 8. h5
h6 9. Bd2 cxd4 10. cxd4 Nbc6 11. Qg4 Nf5 12. Nf3 Ncxd4 13. Nxd4 Qxe5+ 14. Be3
Nxe3 15. Bb5+ Kf8 16. fxe3 Qxe3+ 17. Ne2 e5 18. Bd7 Qc5 19. Rf1 f6 20. Rd1 Qa5+
21. c3 Bxd7 22. Qxd7 Rd8 23. Qxb7 Kg8 24. Rf3 Kh7 25. Rxf6 Rhf8 26. Rxf8 Rxf8
27. Qb4 Qd8 28. Rxd5 Qf6 29. Qe4+ Kh8 30. Rxe5 Qf2+ 31. Kd2 Rd8+ 32. Kc2 1-0

[Event "13th Philadelphia International"]
[Site "Philadelphia"]
[Date "2019.06.27"]
[Round "1"]
[White "Marrero Lopez, Yaniet"]
[Black "Gareyev, Timur"]
[Result "0-1"]
[WhiteElo "2193"]
[BlackElo "2584"]
[PlyCount "66"]
[EventDate "2019.06.??"]
[EventType "swiss"]
[EventRounds "9"]
[EventCountry "USA"]

1. e4 c5 2. Nf3 Nc6 3. d4 cxd4 4. Nxd4 Qb6 5. Nb3 Nf6 6. Nc3 e6 7. a3 Be7 8.
Be3 Qc7 9. f4 d6 10. Bd3 a6 11. O-O b5 12. Qe2 Rb8 13. Rae1 b4 14. axb4 Nxb4
15. Nd4 O-O 16. Kh1 Bb7 17. Bg1 Rfe8 18. Qd2 Ba8 19. Ncb5 axb5 20. Qxb4 d5 21.
Qb3 Nxe4 22. Nxb5 Qc6 23. Ra1 Nd2 24. Qa4 Nxf1 25. Bxf1 Bf6 26. c3 d4 27. cxd4
Red8 28. b3 Qe4 29. Qa2 Qxf4 30. Bc4 Bc6 31. Rf1 Qg4 32. Na7 Ra8 33. h3 Qxh3+
0-1

[Event "13th Philadelphia International"]
[Site "Philadelphia"]
[Date "2019.06.27"]
[Round "1"]
[White "Li, Eric"]
[Black "Stukopin, Andrey"]
[Result "0-1"]
[WhiteElo "2155"]
[BlackElo "2562"]
[PlyCount "122"]
[EventDate "2019.06.??"]
[EventType "swiss"]
[EventRounds "9"]
[EventCountry "USA"]

1. d4 Nf6 2. c4 e6 3. g3 Bb4+ 4. Bd2 Be7 5. Bg2 d5 6. Nf3 c6 7. O-O Nbd7 8. Qb3
O-O 9. Bb4 b6 10. Bxe7 Qxe7 11. Nbd2 Bb7 12. Rfd1 c5 13. Rac1 Rfc8 14. Qa3 Kf8
15. e3 Rc7 16. dxc5 Qxc5 17. b4 Qe7 18. Qb2 Rac8 19. cxd5 Nxd5 20. Rxc7 Rxc7
21. a3 Nc3 22. Re1 Qf6 23. Qa1 h6 24. Nd4 Bxg2 25. Kxg2 e5 26. Ne2 Qc6+ 27. Kg1
Nxe2+ 28. Rxe2 Qc1+ 29. Qxc1 Rxc1+ 30. Kg2 Rc3 31. Nb1 Rb3 32. Re1 Ke7 33. Rc1
f5 34. Kf3 Rb2 35. Nc3 e4+ 36. Kg2 Ne5 37. Nb5 Ng4 38. Nxa7 Rxf2+ 39. Kg1 Ra2
40. Nc8+ Kf6 41. Nxb6 Nxh2 42. Rc7 Nf3+ 43. Kf1 Rxa3 44. b5 Ra1+ 45. Kf2 Ra2+
46. Kf1 Rb2 47. Nd7+ Kg5 48. Nf8 g6 49. Rc6 Ne5 50. Rc5 Ng4 51. Ne6+ Kf6 52.
Nf4 Nxe3+ 53. Kg1 g5 54. Rc6+ Kf7 55. Rc7+ Ke8 56. Ne6 Rxb5 57. Ng7+ Kf8 58.
Rd7 Re5 59. Nh5 Ng4 60. Kf1 Re7 61. Rd6 Kf7 0-1

[Event "13th Philadelphia International"]
[Site "Philadelphia"]
[Date "2019.06.22"]
[Round "1"]
[White "Barretto, Franz"]
[Black "Niemann, Hans"]
[Result "0-1"]
[WhiteElo "2121"]
[BlackElo "2460"]
[PlyCount "98"]
[EventDate "2019.06.??"]
[EventType "swiss"]
[EventRounds "9"]
[EventCountry "USA"]

1. d4 Nf6 2. c4 e6 3. Nf3 b6 4. a3 Bb7 5. Nc3 Be7 6. d5 d6 7. e4 e5 8. Bd3 Bc8
9. h3 O-O 10. g4 Nbd7 11. b4 Ne8 12. Bc2 g6 13. Bh6 Ng7 14. Qd2 Nf6 15. Nh2 Kh8
16. O-O Ng8 17. Be3 f5 18. f3 Bh4 19. Kg2 Qe7 20. Rfc1 Bd7 21. c5 h5 22. Bd3
Nf6 23. Be2 Nh7 24. Nb5 f4 25. Bg1 Bxb5 26. Bxb5 Bg3 27. cxd6 cxd6 28. Bf2 Qh4
29. Rh1 a5 30. Bc6 Ra7 31. b5 Ng5 32. Nf1 Nxf3 33. Kxf3 hxg4+ 34. Kg2 gxh3+ 35.
Kg1 Nh5 36. Bxg3 Nxg3 37. Qf2 Raf7 38. Kh2 Qh6 39. Rg1 Nxe4 40. Qf3 Nf6 41.
Qxh3 Nh5 42. Re1 Rh7 43. Kg2 Qg5+ 44. Kf2 Ng3 45. Qe6 Qh4 46. Kf3 Qh5+ 47. Kf2
Qh4 48. Kf3 Nf5 49. Ke4 Qxe1+ 0-1

[Event "13th Philadelphia International"]
[Site "Philadelphia"]
[Date "2019.06.27"]
[Round "1"]
[White "Shetty, Atulya"]
[Black "Lu, Maximillian"]
[Result "1-0"]
[WhiteElo "2431"]
[BlackElo "2090"]
[PlyCount "95"]
[EventDate "2019.06.??"]
[EventType "swiss"]
[EventRounds "9"]
[EventCountry "USA"]

1. c4 Nf6 2. g3 g6 3. Bg2 Bg7 4. Nf3 O-O 5. O-O d5 6. cxd5 Nxd5 7. Nc3 c5 8.
Qb3 Nb6 9. d3 Nc6 10. Be3 Nd4 11. Bxd4 cxd4 12. Ne4 Be6 13. Qa3 Bd5 14. Ned2
Qd7 15. Nb3 Rfc8 16. Rfc1 e5 17. Rxc8+ Rxc8 18. Qxa7 Qb5 19. Qa5 Qxa5 20. Nxa5
Rc2 21. b3 Rxe2 22. Ne1 e4 23. dxe4 Bxe4 24. Bxe4 Rxe4 25. Nxb7 Re7 26. Nc5 Nd5
27. Ned3 Rc7 28. a3 Bf8 29. b4 Ra7 30. Nb3 Rc7 31. Rc1 Nc3 32. Kf1 Ra7 33. Ra1
Bg7 34. Nbc5 Bf8 35. a4 Nd5 36. b5 Rc7 37. Rc1 Ra7 38. Ra1 Rc7 39. Rc1 Ra7 40.
Rc4 Bg7 41. Na6 Nb6 42. Rb4 Nd5 43. b6 Rb7 44. a5 Bf8 45. Rxd4 Nxb6 46. Ndc5
Bxc5 47. Nxc5 Rb8 48. Na6 1-0

[Event "13th Philadelphia International"]
[Site "Philadelphia"]
[Date "2019.06.27"]
[Round "1"]
[White "Zhang, Alan"]
[Black "Katz, Alexander"]
[Result "0-1"]
[WhiteElo "2081"]
[BlackElo "2427"]
[PlyCount "76"]
[EventDate "2019.06.??"]
[EventType "swiss"]
[EventRounds "9"]
[EventCountry "USA"]

1. e4 d6 2. d4 Nf6 3. Nc3 g6 4. f3 c6 5. Be3 Nbd7 6. Qd2 b5 7. d5 cxd5 8. Nxd5
a6 9. Bd4 Bg7 10. Bc3 Bb7 11. Ba5 Bh6 12. Qc3 Qc8 13. Nc7+ Kf8 14. Nxa8 Qxa8
15. Qd4 Nc5 16. Bd2 Bg7 17. Qe3 Qc8 18. O-O-O h5 19. Kb1 Qc7 20. Nh3 Nfd7 21.
Nf4 Na4 22. b3 Nc3+ 23. Bxc3 Bxc3 24. Bc4 Be5 25. Bd5 Bc8 26. b4 Nb6 27. g3 a5
28. bxa5 Na4 29. Ne2 Qxa5 30. f4 Bg7 31. Rd3 Nc5 32. Qd2 b4 33. Re3 Ba6 34. Nd4
Na4 35. Nc6 Bc3 36. Rxc3 bxc3 37. Nxa5 cxd2 38. Nb3 Nc3+ 0-1

[Event "13th Philadelphia International"]
[Site "Philadelphia"]
[Date "2019.06.27"]
[Round "1"]
[White "Luo, Terry"]
[Black "Santarius, Erik"]
[Result "0-1"]
[WhiteElo "2072"]
[BlackElo "2403"]
[PlyCount "118"]
[EventDate "2019.06.??"]
[EventType "swiss"]
[EventRounds "9"]
[EventCountry "USA"]

1. d4 f5 2. c4 Nf6 3. Nc3 d6 4. Nf3 g6 5. g3 Bg7 6. Bg2 O-O 7. O-O c6 8. b3 Na6
9. Bb2 Qc7 10. Re1 e5 11. e4 fxe4 12. Nxe4 Nxe4 13. Rxe4 Bf5 14. Re1 Bg4 15. h3
Bxf3 16. Bxf3 exd4 17. Bg4 c5 18. Be6+ Kh8 19. h4 Rae8 20. a3 Qb6 21. Qd3 Nc7
22. Bd7 Rxe1+ 23. Rxe1 d5 24. Bc1 Qd6 25. Bg4 dxc4 26. bxc4 Re8 27. Rxe8+ Nxe8
28. Bf4 Qe7 29. Qe2 Qd8 30. Qe6 d3 31. Qd7 Qxd7 32. Bxd7 Nf6 33. Bc8 Ne4 34.
Kf1 b5 35. cxb5 c4 36. b6 axb6 37. Ba6 b5 38. a4 bxa4 39. Bxc4 a3 40. f3 Nc3
41. Ke1 a2 42. Bxa2 Nxa2 43. Kd2 Nb4 44. Bd6 Nc6 45. Kxd3 Be5 46. Bxe5+ Nxe5+
47. Ke4 Nd7 48. f4 Kg7 49. f5 Nf6+ 50. Ke5 h6 51. fxg6 Kxg6 52. Kf4 Nh5+ 53.
Kg4 Ng7 54. Kf4 Kh5 55. Kf3 Ne6 56. Ke4 Kg4 57. Ke5 Nc5 58. h5 Kg5 59. Kd4 Nd7
0-1